| 000 | 00420nam a22001697a 4500 | ||
|---|---|---|---|
| 003 | OSt | ||
| 008 | 240203b |||||||| |||| 00| 0 eng d | ||
| 020 | _a9788178125930 | ||
| 041 | _aeng | ||
| 082 | _a658.002 GUP/PO | ||
| 100 |
_aGupta R _91571 |
||
| 245 | _aPopular master guide Bank I T Officer | ||
| 260 |
_aNew Delhi _bRamesh Publishing House |
||
| 300 | _a135 | ||
| 650 |
_aBanking exam guide _95816 |
||
| 942 | _cBK | ||
| 999 |
_c13831 _d13831 |
||